000 00530nam a2200217Ia 4500
005 20241129115523.0
008 241129s9999||||xx |||||||||||||| ||und||
020 _a9780323992800
037 _aTB
040 _aSDCL
_beng
_cSDCL
041 _aeng
_2eng
084 _aB33 R3
_qSDCL
100 _aRaffoul Y.N
_9727648
245 0 _aAdvanced differential equations
260 _aUK
_bA.P
_c2020
300 _avii,349p
365 _aUSD
_b125
650 _aGift
942 _cTB
_hB33 R3
999 _c1230796
_d1230796